000 00455nam a2200145Ia 4500
008 211109s9999||||xx |||||||||||||| ||und||
082 _a494.81250
_bMIS-G
100 _aMishra, D S
245 0 _aGrammer of Literary Research
260 _bHarman Publishing House
_aNew Delhi
_c1989
300 _a90p
630 _xGENERAL STACK
650 _aMalayalam language
_vMalayalam grammar
_xAltaic, Uralic, Hyperborean & Dravidian LanguageMalayalam
942 _cBOOK
999 _c44315
_d44315